Least Guessed Countries on the," Countries of the World Quiz." - Statistics

General Stats
  • This quiz has been taken 20 times
  • The average score is 15 of 20
Answer Stats
Percent Guessed Answer % Correct
19% Kiribati
90%
21% Marshall Islands
90%
20% Palau
90%
24% Tonga
90%
21% Tuvalu
90%
23% Antigua and Barbuda
85%
18% Nauru
85%
19% Saint Vincent and the Grenadines
85%
25% Samoa
85%
21% Vanuatu
85%
19% Grenada
80%
23% St. Kitts and Nevis
80%
25% St. Lucia
80%
23% Solomon Islands
75%
24% East Timor
70%
18% Comoros
65%
17% Sao Tome and Principe
65%
25% Cape Verde
55%
24% Burundi
40%
23% Guinea-Bissau
35%
No matching quizzes found
Score Distribution
Percent of People with Each Score
Percentile by Number Answered
Your Score History
You have not taken this quiz